[Event "London Chess Classic 2023"]
[Site "Londra"]
[Date "07.12.2023"]
[Round "6"]
[White "Gukesh, Dommaraju"]
[Black "McShane, Luke"]
[Result "1-0"]
[WhiteElo "2746"]
[BlackElo "2626"]
[EventDate "2023.12.01"]

1. d4 Nf6 2. c4 e6 3. Nf3 d5 4. Nc3 Be7 5. cxd5 exd5 6. Bf4 c6 7. e3 Bf5 8.
Nh4 Bg4 9. Qc2 Nbd7 10. h3 Be6 11. Nf3 Rc8 12. Be2 g6 13. Bd3 O-O 14. O-O
Nh5 15. Bh6 Ng7 16. Ne2 Re8 17. g4 c5 18. dxc5 Nxc5 19. Nf4 Bf6 20. Bb5 Rf8
21. Rab1 Qb6 22. Qe2 Rfd8 23. Nd4 Ne8 24. Rfd1 Nd6 25. Bd3 Nde4 26. Bc2 a5
27. Kg2 Qc7 28. Ndxe6 fxe6 29. Bxe4 dxe4 30. Rbc1 Rxd1 31. Qxd1 Qc6 32. b3
Rd8 33. Qe2 b6 34. a3 Qd7 35. Qc4 Nd3 36. Rd1 Nxf4+ 37. exf4 Qe8 38. Rxd8
Bxd8 39. Qd4 e5 40. Qd5+ Kh8 41. fxe5 1-0

[Event "London Chess Classic 2023"]
[Site "Londra"]
[Date "07.12.2023"]
[Round "6"]
[White "Moussard, Jules"]
[Black "Adams, Michael"]
[Result "0-1"]
[WhiteElo "2639"]
[BlackElo "2670"]
[EventDate "2023.12.01"]

1. e4 e5 2. Nf3 Nc6 3. Bb5 a6 4. Ba4 Nf6 5. O-O Be7 6. Re1 b5 7. Bb3 O-O 8.
h3 Bb7 9. d3 d5 10. exd5 Nxd5 11. Nbd2 Nd4 12. Nxd4 exd4 13. Qf3 Rb8 14.
Ne4 c5 15. a4 Nf6 16. axb5 axb5 17. Bf4 Nxe4 18. Bxb8 Qxb8 19. Rxe4 Bf6 20.
g3 h6 21. Qf5 Bxe4 22. Qxe4 Rc8 23. Ra6 Qc7 24. Bd5 Qd7 25. Rb6 Rd8 26. Bc6
Qxh3 27. Bxb5 Qh5 28. Bc4 Rf8 29. Kg2 Qg5 30. Rb7 h5 31. Bxf7+ Rxf7 32. Qe6
Be7 0-1

[Event "London Chess Classic 2023"]
[Site "Londra"]
[Date "08.12.2023"]
[Round "7"]
[White "Adams, Michael"]
[Black "Volokitin, Andrei"]
[Result "1/2-1/2"]
[WhiteElo "2670"]
[BlackElo "2660"]
[EventDate "2023.12.01"]

1. e4 c5 2. Nf3 d6 3. Bb5+ Nd7 4. O-O a6 5. Be2 Ngf6 6. d3 b5 7. a4 Bb7 8.
axb5 axb5 9. Rxa8 Qxa8 10. d4 Bxe4 11. dxc5 dxc5 12. Bxb5 Bc6 13. Qd3 e6
14. Bg5 Be7 15. Bxf6 gxf6 16. Rd1 Nb6 17. Nc3 O-O 18. Bxc6 Qxc6 19. Qe3 Kh8
20. g3 Nc4 21. Qf4 Nxb2 22. Rb1 Nc4 23. Ne4 Kg7 24. Qg4+ Kh8 25. Qf4 Kg7
26. Qg4+ Kh8 27. Qf4 Kg7 28. Qg4+ Kh8 1/2-1/2

[Event "London Chess Classic 2023"]
[Site "Londra"]
[Date "08.12.2023"]
[Round "7"]
[White "McShane, Luke"]
[Black "Moussard, Jules"]
[Result "1/2-1/2"]
[WhiteElo "2626"]
[BlackElo "2639"]
[EventDate "2023.12.01"]

1. e4 c5 2. Nf3 d6 3. d4 cxd4 4. Nxd4 Nf6 5. f3 e5 6. Nb3 d5 7. Bg5 d4 8.
c3 Nc6 9. Bb5 Qb6 10. Qd3 Nd7 11. N1d2 dxc3 12. Nc4 Nb4 13. Qe2 Qg6 14. Be3
cxb2 15. Rd1 Nc6 16. Qxb2 Bb4+ 17. Kf2 O-O 18. Rc1 Qe6 19. Rhd1 Be7 20.
Nca5 Nxa5 21. Nxa5 Nb6 22. Nc4 Rd8 23. Nxb6 axb6 24. Bc4 Qf6 25. Qxb6 Qxb6
26. Bxb6 Rxd1 27. Rxd1 Ra4 28. Rc1 Rb4 29. Bb3 Be6 30. Ba5 Rb5 31. Bxe6
Bc5+ 32. Ke2 Rxa5 33. Bb3 Kf8 34. Rd1 Ke7 35. Rd5 Bb6 36. Rxa5 Bxa5 1/2-1/2

[Event "London Chess Classic 2023"]
[Site "Londra"]
[Date "08.12.2023"]
[Round "7"]
[White "Royal, Shreyas"]
[Black "Gukesh, Dommaraju"]
[Result "1/2-1/2"]
[WhiteElo "2404"]
[BlackElo "2746"]
[EventDate "2023.12.01"]

1. d4 Nf6 2. c4 e6 3. Nc3 Bb4 4. e3 O-O 5. Bd3 d5 6. a3 Bxc3+ 7. bxc3 dxc4
8. Bxc4 c5 9. Nf3 Qc7 10. Be2 b6 11. O-O Bb7 12. Bb2 Nbd7 13. c4 Rfd8 14.
Rc1 Ng4 15. h3 Ngf6 16. Re1 Rac8 17. Bf1 Nf8 18. g3 Ng6 19. Bg2 Be4 20. Qe2
Qb7 21. Red1 Rd7 22. h4 cxd4 23. exd4 Rdc7 24. d5 exd5 25. Bh3 Re8 26. Bxf6
gxf6 27. h5 Ne5 28. Nxe5 Rxe5 29. f4 Re8 30. h6 Qc6 31. Qg4+ Bg6 32. f5
dxc4 33. fxg6 hxg6 34. Qd4 Re5 35. Rc3 Kh7 36. Bg2 Qc5 37. Qxc5 Rexc5 38.
Rd6 f5 39. a4 Kxh6 40. Kf2 Kg5 41. Bf1 f4 42. gxf4+ Kxf4 43. Rd4+ Ke5 44.
Rdxc4 Rxc4 45. Rxc4 Rc5 46. Ke3 f5 47. Rh4 g5 48. Rh8 f4+ 49. Kd2 g4 50.
Rg8 g3 51. Bd3 Rc7 52. Rg5+ Kd6 53. Be2 Re7 54. Bf3 Re3 55. Rxg3 fxg3 56.
Kxe3 Kc5 57. Bd1 b5 58. axb5 Kxb5 59. Kf3 a5 60. Kxg3 a4 61. Bxa4+ Kxa4
1/2-1/2

[Event "London Chess Classic 2023"]
[Site "Londra"]
[Date "08.12.2023"]
[Round "7"]
[White "Tabatabaei, Amin"]
[Black "Vitiugov, Nikita"]
[Result "1-0"]
[WhiteElo "2694"]
[BlackElo "2712"]
[EventDate "2023.12.01"]

1. e4 c5 2. Nf3 d6 3. d4 cxd4 4. Nxd4 Nf6 5. Nc3 a6 6. f4 e5 7. Nf3 Nbd7 8.
a4 Qc7 9. g4 d5 10. g5 d4 11. gxf6 dxc3 12. fxg7 Bxg7 13. f5 cxb2 14. Bxb2
Qb6 15. Ba3 Qe3+ 16. Be2 Qxe4 17. Rg1 Bf8 18. Qd2 Nc5 19. Ng5 Qh4+ 20. Rg3
h6 21. Nxf7 Ne4 22. Qd5 Nxg3 23. Qxe5+ Kxf7 24. hxg3 Qh1+ 25. Kf2 Qc6 26.
Bh5+ Kg8 27. Bxf8 Rh7 28. Bg6 Rc7 29. Bxh6 Qc5+ 30. Qxc5 Rxc5 31. g4 Rxc2+
32. Kg3 Bd7 33. Re1 Rc6 34. Re7 Be8 35. Bh7+ Kh8 36. Bf4 Rc5 37. f6 Bxa4
38. Bg6 Rf8 39. g5 Rc3+ 40. Kf2 Bc2 41. Bxc2 Rxc2+ 42. Kg3 Rc5 43. Rxb7 Rb5
44. Ra7 Kg8 45. Rg7+ Kh8 46. Kg4 a5 47. Bd6 Rd8 48. Be7 Rc8 49. Kh5 Rg8 50.
Rg6 Rxg6 51. Kxg6 Rb6 52. Kh6 a4 53. g6 Rb1 54. f7 Rh1+ 55. Kg5 Rg1+ 56.
Kh5 Rh1+ 57. Kg4 Rg1+ 58. Kh3 Rf1 59. Bf8 Rg1 60. Bc5 1-0

[Event "London Chess Classic 2023"]
[Site "Londra"]
[Date "08.12.2023"]
[Round "7"]
[White "Niemann, Hans Moke"]
[Black "Bartel, Mateusz"]
[Result "0-1"]
[WhiteElo "2659"]
[BlackElo "2651"]
[EventDate "2023.12.01"]

1. e4 e5 2. Nf3 Nc6 3. Bc4 Nf6 4. d3 h6 5. c3 d6 6. a4 g6 7. a5 a6 8. O-O
Bg7 9. Nbd2 O-O 10. Re1 Nh7 11. Qb3 Kh8 12. Bxf7 Qf6 13. Bc4 g5 14. Re2 g4
15. Ne1 h5 16. Nf1 h4 17. Qd1 Ne7 18. Qd2 c6 19. g3 d5 20. Bb3 Be6 21. Ng2
Ng6 22. exd5 cxd5 23. d4 e4 24. Ra4 h3 25. Ne1 Qf7 26. Rb4 Rac8 27. Bc2 Bf6
28. Qd1 Bd8 29. Bh6 Rg8 30. c4 Bg5 31. Bxg5 Nxg5 32. Ne3 Nh4 33. gxh4 Nf3+
34. Kh1 Nxh2 35. cxd5 g3 36. dxe6 g2+ 37. N3xg2 hxg2+ 38. Kg1 Qf4 39. Rxe4
Qxf2+ 40. Kxf2 g1=Q+ 41. Ke2 Nf1 42. Qc1 Rg2+ 43. Kd1 Rcxc2 44. Qxc2 Rxc2
45. Nxc2 Ne3+ 46. Kd2 Qf2+ 47. Kd3 Nxc2 48. d5 Nxb4+ 49. Rxb4 Qc5 50. Rd4
Qd6 51. Ke4 Kg7 52. Rd3 Qh2 53. Rc3 Qxh4+ 54. Kf5 Qh5+ 55. Ke4 Qh4+ 56. Kf5
Qh2 57. Ke4 Kg6 58. Rc8 Qd6 59. Rc2 Qg3 60. Rc8 Kg7 61. Kd4 Qf4+ 62. Kd3
Qd6 63. Kc4 Kf6 64. Rh8 Qc7+ 65. Kd4 Qg7 66. Rh1 Ke7+ 67. Kc5 Qg6 68. Rc1
Qd3 69. Rc4 Qe3+ 70. Rd4 Qc1+ 71. Rc4 Qxb2 72. Re4 Qb5+ 73. Kd4 Qxa5 74.
Ke5 Qc7+ 75. Kf5 0-1

[Event "London Chess Classic 2023"]
[Site "Londra"]
[Date "09.12.2023"]
[Round "8"]
[White "Volokitin, Andrei"]
[Black "Bartel, Mateusz"]
[Result "1-0"]
[WhiteElo "2660"]
[BlackElo "2651"]
[EventDate "2023.12.01"]

1. e4 e6 2. d4 d5 3. Nc3 Bb4 4. e5 c5 5. a3 Bxc3+ 6. bxc3 Ne7 7. Qg4 cxd4
8. Qxg7 Rg8 9. Qxh7 Qc7 10. Ne2 Nbc6 11. f4 dxc3 12. Nxc3 Nd4 13. Bb2 Bd7
14. O-O-O Qc5 15. Qd3 Ndf5 16. Nb5 Rc8 17. Qb3 Nc6 18. g3 Na5 19. Qc3 Qb6
20. Qb4 Qe3+ 21. Kb1 Nc4 22. Bxc4 Rxc4 23. Nd6+ Nxd6 24. Qxd6 Rc6 25. Qb8+
Rc8 26. Qxb7 Qe4 27. Ka1 Ke7 28. Rhe1 Qc4 29. f5 exf5 30. Rxd5 Rc7 31. Qb3
Be6 32. Qxc4 Rxc4 33. Ra5 Ra8 34. Re2 a6 35. Bc1 Kd7 36. Be3 Kc6 37. Rd2
Rc3 38. Bd4 Rf3 39. Rd1 Kd7 40. Be3+ Ke8 41. Bg5 Kf8 42. Bf6 Kg8 43. Kb2
Rf2 44. h4 Kh7 45. Rc5 Kg6 46. Rd8 Rxd8 47. Bxd8 Rg2 48. Rc3 Re2 49. Bg5
Rxe5 50. Bf4 Rb5+ 51. Kc1 Kh5 52. Re3 Rc5 53. Kd2 Rc4 54. Rd3 Ra4 55. Bd6
Rc4 56. c3 Rc8 57. Rd4 Bc4 58. Bf4 Bf1 59. Rd7 Bc4 60. Rc7 Rd8+ 61. Kc2 Bd5
62. c4 Be6 63. Kc3 Kg4 64. Rc6 a5 65. Rc5 Ra8 66. Rb5 Rc8 67. c5 a4 68. Bd6
Ra8 69. Rb8 Ra7 70. Rg8+ Kf3 71. h5 f6 72. Re8 Bf7 73. Rh8 Rb7 74. c6 Rb3+
75. Kd4 Ke2 76. c7 Be6 77. Re8 1-0

[Event "London Chess Classic 2023"]
[Site "Londra"]
[Date "09.12.2023"]
[Round "8"]
[White "Vitiugov, Nikita"]
[Black "Niemann, Hans Moke"]
[Result "1/2-1/2"]
[WhiteElo "2712"]
[BlackElo "2659"]
[EventDate "2023.12.01"]

1. e4 e5 2. Nf3 Nc6 3. Bb5 Nf6 4. O-O Nxe4 5. Re1 Nd6 6. Nxe5 Be7 7. Bf1
Nxe5 8. Rxe5 O-O 9. d4 Bf6 10. Re1 Re8 11. Bf4 Rxe1 12. Qxe1 Ne8 13. c3 d5
14. Bd3 g6 15. Nd2 Ng7 16. Qe2 c6 17. Re1 Bf5 18. Bxf5 Nxf5 19. Nf3 Ng7 20.
Be5 Ne6 21. Bxf6 Qxf6 22. Ne5 Re8 23. Ng4 Qd8 24. Qe5 Ng7 25. Qxe8+ Nxe8
26. Rxe8+ Qxe8 27. Nf6+ Kf8 28. Nxe8 Kxe8 29. f4 f5 30. Kf2 Kf7 1/2-1/2

[Event "London Chess Classic 2023"]
[Site "Londra"]
[Date "09.12.2023"]
[Round "8"]
[White "Gukesh, Dommaraju"]
[Black "Tabatabaei, Amin"]
[Result "1/2-1/2"]
[WhiteElo "2746"]
[BlackElo "2694"]
[EventDate "2023.12.01"]

1. e4 e5 2. Nf3 Nc6 3. Bc4 Nf6 4. d3 Bc5 5. c3 d6 6. b4 Bb6 7. a4 a5 8. b5
Ne7 9. Nbd2 O-O 10. O-O Ng6 11. Bb3 h6 12. Nc4 Bc5 13. d4 exd4 14. cxd4 Bb4
15. e5 dxe5 16. Nfxe5 Nxe5 17. Nxe5 Be6 18. Bxe6 fxe6 19. Qd3 Nd7 20. Ng6
Rf6 21. Be3 Rc8 22. Qe4 c6 23. Nf4 Qe8 24. bxc6 bxc6 25. Nd3 c5 26. Rab1
Rf5 27. Rfc1 Nf6 28. Qb7 c4 29. Nxb4 axb4 30. Qxb4 Nd5 31. Qe1 c3 32. a5
Qc6 33. Qe2 Ra8 34. Ra1 Nxe3 35. Qxe3 Rfxa5 36. Rxa5 Rxa5 37. h3 1/2-1/2

[Event "London Chess Classic 2023"]
[Site "Londra"]
[Date "09.12.2023"]
[Round "8"]
[White "Moussard, Jules"]
[Black "Royal, Shreyas"]
[Result "0-1"]
[WhiteElo "2639"]
[BlackElo "2404"]
[EventDate "2023.12.01"]

1. Nf3 d5 2. g3 Nd7 3. d4 Nb6 4. Bg2 Bf5 5. b3 e6 6. O-O h6 7. c4 c6 8.
Nbd2 Nf6 9. Bb2 Be7 10. e3 O-O 11. Qe2 a5 12. Ne5 Nbd7 13. Nd3 a4 14. Rfc1
Qb6 15. c5 Qa6 16. Bf1 b5 17. f3 axb3 18. axb3 Qb7 19. e4 Bh7 20. e5 Ne8
21. Rxa8 Qxa8 22. Ra1 Qb7 23. b4 g5 24. Nb3 Ng7 25. Na5 Qc7 26. Nf2 h5 27.
Re1 Re8 28. Qd2 Nf8 29. Nh3 g4 30. fxg4 hxg4 31. Nf2 Bf5 32. Be2 Nh7 33.
Nxg4 Bg6 34. Qf4 Nf5 35. h4 Kh8 36. Ne3 Nxe3 37. Qxe3 f5 38. Qf4 Rg8 39.
Kf2 Be8 40. Ke3 Bd8 41. Kd3 Nf6 42. Rg1 Ne4 43. Kc2 Qh7 44. Kb3 Bxh4 45.
Bc3 Nxg3 46. Bf3 Rg6 47. Rg2 Qh6 48. Bd2 Bg5 49. Qxg3 Bxd2 50. Qh2 Rxg2 51.
Qxh6+ Bxh6 52. Bxg2 Bd2 53. Bf1 Kg7 54. Nb7 Kg6 55. Kc2 Bxb4 56. Kd3 Be1
57. Be2 Bf2 58. Bd1 Kg5 59. Be2 Bg1 60. Bd1 Kh4 61. Be2 f4 62. Nd8 Bd7 63.
Nf7 b4 64. Bd1 Be8 65. Nd8 Bg6+ 66. Kd2 Bxd4 67. Nxe6 Bc3+ 68. Kc1 Bxe5 0-1

[Event "London Chess Classic 2023"]
[Site "Londra"]
[Date "09.12.2023"]
[Round "8"]
[White "Adams, Michael"]
[Black "McShane, Luke"]
[Result "1/2-1/2"]
[WhiteElo "2670"]
[BlackElo "2626"]
[EventDate "2023.12.01"]

1. e4 e5 2. Nf3 Nc6 3. Bb5 Nf6 4. d3 Bc5 5. c3 O-O 6. O-O d5 7. exd5 Qxd5
8. Bc4 Qd6 9. b4 Bb6 10. Nbd2 Bg4 11. a4 a5 12. b5 Ne7 13. Ba3 Bc5 14. Bxc5
Qxc5 15. h3 Bxf3 16. Qxf3 Ned5 17. Rac1 Rfe8 18. Rfe1 c6 19. bxc6 bxc6 20.
Ne4 Nxe4 21. Qxe4 g6 22. Bxd5 cxd5 23. Qf3 Rac8 24. Rb1 Qc6 25. Rb5 Qxc3
26. Reb1 e4 27. dxe4 Qxf3 28. gxf3 dxe4 29. Re1 exf3 30. Rxe8+ Rxe8 31. Kh2
Re4 1/2-1/2

[Event "London Chess Classic 2023"]
[Site "Londra"]
[Date "10.12.2023"]
[Round "9"]
[White "McShane, Luke"]
[Black "Volokitin, Andrei"]
[Result "1/2-1/2"]
[WhiteElo "2626"]
[BlackElo "2660"]
[EventDate "2023.12.01"]

1. e4 c5 2. Nf3 d6 3. Bb5+ Nd7 4. O-O a6 5. Bd3 Ngf6 6. Re1 e6 7. Bf1 b5 8.
a4 Bb7 9. d4 Bxe4 10. dxc5 dxc5 11. Nc3 Bc6 12. Ng5 b4 13. Nxf7 Kxf7 14.
Rxe6 bxc3 15. Bc4 Bd5 16. Bxd5 Nxd5 17. Qxd5 Nb6 18. Re7+ Kxe7 19. Bg5+ Ke8
20. Re1+ Be7 21. Qc6+ Kf7 22. Qe6+ Ke8 23. Qc6+ Kf7 24. Qe6+ Ke8 1/2-1/2

[Event "London Chess Classic 2023"]
[Site "Londra"]
[Date "10.12.2023"]
[Round "9"]
[White "Royal, Shreyas"]
[Black "Adams, Michael"]
[Result "1/2-1/2"]
[WhiteElo "2404"]
[BlackElo "2670"]
[EventDate "2023.12.01"]

1. d4 Nf6 2. c4 e6 3. Nf3 d5 4. Nc3 Nbd7 5. Bf4 Bb4 6. cxd5 exd5 7. Qb3 c5
8. dxc5 Qa5 9. a3 Bxc3+ 10. Qxc3 Qxc3+ 11. bxc3 Nxc5 12. e3 Bd7 13. c4 Rc8
14. Nd4 O-O 15. Be5 Nce4 16. Bxf6 Nxf6 17. cxd5 Nxd5 18. Bd3 Ne7 19. Ke2
Nc6 20. Nxc6 Bxc6 21. f3 Rfd8 22. Rhd1 Kf8 23. e4 Rc7 24. Rac1 Rdc8 25. Rc4
Bb5 26. Rxc7 Bxd3+ 27. Kxd3 Rxc7 28. Rb1 b6 29. a4 h5 30. Rb5 g6 31. a5
1/2-1/2

[Event "London Chess Classic 2023"]
[Site "Londra"]
[Date "10.12.2023"]
[Round "9"]
[White "Tabatabaei, Amin"]
[Black "Moussard, Jules"]
[Result "1/2-1/2"]
[WhiteElo "2694"]
[BlackElo "2639"]
[EventDate "2023.12.01"]

1. e4 c5 2. Nf3 e6 3. d4 cxd4 4. Nxd4 Nc6 5. Nc3 Qc7 6. Be3 a6 7. Qd2 Nf6
8. O-O-O b5 9. Nxc6 Qxc6 10. f3 Bb7 11. g4 h6 12. Kb1 d5 13. exd5 Nxd5 14.
Nxd5 Qxd5 15. Bd3 Be7 16. h4 Qxf3 17. Rhf1 Qc6 18. Bd4 Rg8 19. Bh7 Rh8 20.
Bd3 Rg8 21. Qf2 O-O-O 22. Qxf7 Bxh4 23. Bxg7 Qd7 24. Bxh6 Qxf7 25. Rxf7
Rxg4 26. Bf4 Rd5 27. b3 Bg5 28. Bh2 Bd8 29. Re1 Rd7 30. Rf8 Bd5 31. a4 Bxb3
32. axb5 Rb4 33. Kb2 Bd5+ 34. Kc3 a5 35. Ref1 Kb7 36. R1f7 Rxf7 37. Rxf7+
Kc8 38. Rf4 Rxf4 39. Bxf4 Bf6+ 40. Kd2 a4 41. Bd6 Kd7 42. Bc5 Ba2 43. c4
Bb3 44. Ba3 Bd4 45. c5 Bd5 46. Bc2 Bc4 47. Bxa4 Kc7 48. Bb4 Kb7 49. c6+ Ka7
50. Be7 e5 51. Bf6 Kb6 52. Bd8+ Ka7 53. Bc7 Bf1 54. Ba5 Bc4 55. Ke1 e4 56.
c7 Be6 57. Bb3 Bd7 58. Bd5 Bb6 59. Bxb6+ Kxb6 60. Bxe4 Kxc7 61. Bc6 Bxc6
62. b6+ Kb8 63. Kf2 Kb7 64. Ke3 Kxb6 1/2-1/2

[Event "London Chess Classic 2023"]
[Site "Londra"]
[Date "10.12.2023"]
[Round "9"]
[White "Niemann, Hans Moke"]
[Black "Gukesh, Dommaraju"]
[Result "1-0"]
[WhiteElo "2659"]
[BlackElo "2746"]
[EventDate "2023.12.01"]

1. e4 e5 2. Nf3 Nc6 3. Bc4 Bc5 4. d3 Nf6 5. O-O d6 6. c3 a6 7. a4 Ba7 8.
Re1 h6 9. a5 g5 10. Be3 g4 11. Nfd2 Bxe3 12. fxe3 Nh7 13. Nf1 h5 14. Ng3
Qg5 15. Nd2 Ne7 16. Qa4+ c6 17. Qb4 h4 18. Nf5 Bxf5 19. exf5 d5 20. Bb3 O-O
21. Ra4 g3 22. Qxh4 Qxh4 23. Rxh4 gxh2+ 24. Rxh2 f6 25. e4 Rf7 26. Nf3 Rg7
27. d4 exd4 28. Nxd4 Ng5 29. exd5 Nxd5 30. Rh6 Kf7 31. Kf1 Rag8 32. c4 Nc7
33. c5+ Nd5 34. Bxd5+ cxd5 35. Ne6 1-0

[Event "London Chess Classic 2023"]
[Site "Londra"]
[Date "10.12.2023"]
[Round "9"]
[White "Bartel, Mateusz"]
[Black "Vitiugov, Nikita"]
[Result "1/2-1/2"]
[WhiteElo "2651"]
[BlackElo "2712"]
[EventDate "2023.12.01"]

1. e4 c5 2. Nf3 Nc6 3. Nc3 g6 4. Bc4 Bg7 5. O-O d6 6. d3 e6 7. Bd2 Nge7 8.
a3 O-O 9. Rb1 a6 10. b4 b5 11. Ba2 Bb7 12. Ne2 Qd7 13. Be3 cxb4 14. axb4 a5
15. bxa5 Rxa5 16. Bb3 d5 17. Qc1 dxe4 18. dxe4 Qc7 19. Bf4 Ne5 20. Nxe5
Bxe5 21. Qe3 b4 22. Rfd1 Rd8 23. Bxe5 Rxd1+ 24. Rxd1 Qxe5 25. f3 Ra1 26.
Rxa1 Qxa1+ 27. Kf2 Qa5 28. Nf4 Nc6 29. Nd3 Ba6 30. Qc5 Bxd3 31. Qxc6 Qa7+
32. Kg3 Bf1 33. Qd6 Qe3 34. h4 Qe1+ 35. Kh3 Qf2 36. Qb8+ Kg7 37. Qe5+ Kg8
38. Qb8+ Kg7 39. Qe5+ Kg8 40. Qb8+ 1/2-1/2